000 00767nam a2200241 a 4500
008
020 _a0375425608 (hbk.)
049 _aMAIN
090 _a REF PE1628
_bRAN
245 0 4 _aRandom House Webster's college dictionary /
_cedited by Carol G. Braham, Enid Pearsons and Deborah Posner.
260 _aNew York :
_bRandom House,
_cc2000.
300 _axxiii, 1554 p. ;
_c26 cm.
650 0 _aEnglish language
_xDictionaries.
700 _aRandom House Webster college dictionary.
700 1 _aBraham, Carol G.
700 1 _aPearsons, Enid.
700 _aPosner, Deborah M.
907 _a.b10288624
_b24-08-15
_c15-12-10
003
005 20230120133838.0
040 _cNUST
942 _cBOOKS
_k REF PE1628
_mRAN
999 _c96483
_d96483